<?xml version="1.0" encoding="UTF-8"?><?xml-stylesheet type="text/xsl" href="static/style.xsl"?><OAI-PMH xmlns="http://www.openarchives.org/OAI/2.0/" xmlns:xsi="http://www.w3.org/2001/XMLSchema-instance" xsi:schemaLocation="http://www.openarchives.org/OAI/2.0/ http://www.openarchives.org/OAI/2.0/OAI-PMH.xsd"><responseDate>2026-04-14T16:15:30Z</responseDate><request verb="GetRecord" identifier="oai:uvadoc.uva.es:10324/26994" metadataPrefix="marc">https://uvadoc.uva.es/oai/request</request><GetRecord><record><header><identifier>oai:uvadoc.uva.es:10324/26994</identifier><datestamp>2021-06-23T09:44:47Z</datestamp><setSpec>com_10324_1508</setSpec><setSpec>com_10324_894</setSpec><setSpec>col_10324_26937</setSpec></header><metadata><record xmlns="http://www.loc.gov/MARC21/slim" xmlns:doc="http://www.lyncode.com/xoai" xmlns:xsi="http://www.w3.org/2001/XMLSchema-instance" xmlns:dcterms="http://purl.org/dc/terms/" xsi:schemaLocation="http://www.loc.gov/MARC21/slim http://www.loc.gov/standards/marcxml/schema/MARC21slim.xsd">
<leader>00925njm 22002777a 4500</leader>
<datafield tag="042" ind1=" " ind2=" ">
<subfield code="a">dc</subfield>
</datafield>
<datafield tag="720" ind1=" " ind2=" ">
<subfield code="a">Gómez Vilda, Pedro</subfield>
<subfield code="e">author</subfield>
</datafield>
<datafield tag="720" ind1=" " ind2=" ">
<subfield code="a">Fernández Baillo, Roberto</subfield>
<subfield code="e">author</subfield>
</datafield>
<datafield tag="720" ind1=" " ind2=" ">
<subfield code="a">Álvarez Marquina, Agustín</subfield>
<subfield code="e">author</subfield>
</datafield>
<datafield tag="720" ind1=" " ind2=" ">
<subfield code="a">Mazaira Fernández, Luis Miguel</subfield>
<subfield code="e">author</subfield>
</datafield>
<datafield tag="720" ind1=" " ind2=" ">
<subfield code="a">Martínez Olalla, Rafael</subfield>
<subfield code="e">author</subfield>
</datafield>
<datafield tag="720" ind1=" " ind2=" ">
<subfield code="a">Rodellar Biarge, Victoria</subfield>
<subfield code="e">author</subfield>
</datafield>
<datafield tag="260" ind1=" " ind2=" ">
<subfield code="c">2008</subfield>
</datafield>
<datafield tag="520" ind1=" " ind2=" ">
<subfield code="a">Through the present work a biometric signature of a speaker’s voice&#xd;
is proposed for the detection of the speaker’s gender. The estimation method&#xd;
relies on the extraction of the glottal flow derivative from voice after removing&#xd;
the vocal tract transfer function by inverse filtering. This spectral density is&#xd;
related to the vocal fold cover biomechanics, and it is well known that certain&#xd;
speaker’s features as gender, age or pathologic condition are present in it. For&#xd;
such a database of 100 pathology-free speakers equally balanced in gender and&#xd;
age is used as an experimental framework to draft the results exposed in the&#xd;
work. As the estimated biometric parameters show a certain degree of crosscorrelation&#xd;
Principal Component Analysis (PCA) is used to reduce parameter&#xd;
dimension. The principal components are used in unsupervised k-means&#xd;
clustering of speakers (unsupervised gender detection). The outcome grouping&#xd;
shows an almost complete separation of speakers by gender in terms of the&#xd;
most relevant parameters derived from a statistical dispersion study. Possible&#xd;
applications of the study can be found in forensic acoustics as well as in speaker&#xd;
identification and verification tasks.</subfield>
</datafield>
<datafield tag="024" ind2=" " ind1="8">
<subfield code="a">González Ferreras, César, Cardeñoso Payo, Valentín y Vivaracho Pascual, Carlos. IV Jornadas de Reconocimiento Biométrico de Personas. Universidad de Valladolid. E.T.S. de Ingeniería Informática, 2008.</subfield>
</datafield>
<datafield tag="024" ind2=" " ind1="8">
<subfield code="a">978-84-691-5008-5</subfield>
</datafield>
<datafield tag="024" ind2=" " ind1="8">
<subfield code="a">http://uvadoc.uva.es/handle/10324/26994</subfield>
</datafield>
<datafield tag="245" ind1="0" ind2="0">
<subfield code="a">Speaker's Gender Detection from Glottal Biometry</subfield>
</datafield>
</record></metadata></record></GetRecord></OAI-PMH>